000 00655nam a2200229 a 4500
001 BRCA_4538
005 20190320204716.0
008 220910s1937----nyua######---#000-0#eng-#
041 _aeng
044 _anyu
050 4 _aNK1125
_b.S56 1 1937
100 1 _aSingleton, Esther
_911497
245 1 0 _aThe Collecting of Antiques
_cby Esther Singleton.
260 _aNueva York
_bMacmillan
_c1937
300 _axix, 338 p.
_bil.
_c25 cm.
500 _aIncluye índice de ilustraciones e índice onomástico
500 _aVer también F79 (1941)
500 _aD11
650 1 4 _aArte
_xColeccionistas y colecciones
_97445
902 _aGFM
942 _2lcc
_cB
999 _c4244
_d4244